Statistics for Red Army Quiz

Click here to take the quiz!

General Stats

  • This quiz has been taken 12 times
  • The average score is 12 of 16

Answer Stats

HintAnswer% Correct
What coach Campbell drank out of a water bottlePee
100%
Coach that got ejectedBrian Tyndall
80%
Lead 2016 league in penalty minutesDarcy Burnett
80%
Disease of the aboveDiabetes
80%
Fell and caused a 3 on 0Jason Moors
80%
Disease of the aboveLeukemia
80%
Alter-ego of the aboveLuke Pearson
80%
Let in goal from other endMac007Awesomeness
80%
Original CaptainOmar Salam
80%
Hired braindead refs for 2017 finalsSean Guerriero
80%
Got penalty for diving and jumping over boards and punching peopleTyler Pearson
80%
Kept 2017 tape ballAlex Rivest
60%
Player on the Hawks who had the same disease as aboveElior Hauvenshtok
60%
Player of the game trophyTape ball
60%
Kept 2016 tape ballJacob Szekula
40%
The Red Army is prospects of which level?Midget C
40%

Score Distribution

Percentile by Number Answered

Percent of People with Each Score

Your Score History

You have not taken this quiz